00458nam a22001577a 450000500170000001000120001702000100002903500120003903700160005108200080006710000220007524500720009724600540016926000570022330000200028020200222121846.0 aB-24538 c35.00 aB-24538 bCen Lib/Ret a840 aمشیر احمد aعلیگڑھ تحریک اور ادب اردو /cمشیر احمد aAligarh Tehreek Aur Adab Urdu /bby Masheer Ahmed aPatnabKhuda Bakhsh Oriental Public Libraryc1999 ء a104p.c23cm(Hb)